|
|
|
|
| LEADER |
00000cam a2200000 4500 |
| 001 |
vtls011749494 |
| 003 |
SK-MaSNL |
| 005 |
20260302020909.0 |
| 008 |
180406s2018 xo a b i 000 0 slo |
| 015 |
|
|
|a SNBA2022/12
|
| 020 |
|
|
|a 9788081501777
|q (viazané)
|
| 038 |
|
|
|a PPPK
|
| 040 |
|
|
|a SNK
|b slo
|c SNK
|e rda
|
| 041 |
|
|
|a slo
|h cze
|
| 044 |
|
|
|a xo
|c SK
|
| 072 |
|
7 |
|a 58
|x Botanika
|2 konspekt
|
| 072 |
|
7 |
|a 0/9-053.2
|x Literatúra pre deti a mládež (náučná)
|2 konspekt
|
| 080 |
|
|
|a 582
|2 2011
|
| 080 |
|
|
|a 0/9
|2 2011
|
| 080 |
|
|
|a (0.062)
|2 2011
|
| 080 |
|
|
|a 82-93-053.2
|2 2011
|
| 100 |
1 |
|
|a Dvořák, Jiří,
|d 1970-
|4 aut
|9 151312
|
| 240 |
1 |
0 |
|a Rostlinopis aneb Podivuhodné pravdy a výmysly ze zeleného světa
|l Slovensky
|
| 245 |
1 |
0 |
|a Rastlinopis
|b podivuhodné pravdy a výmysly zo zeleného sveta
|c Jiří Dvořák ; ilustrovala Alžběta Skálová ; z českého originálu Rostlinopis aneb podivuhodné pravdy a výmysly ze zeleného světa ... preložil Ján Litvák
|
| 246 |
3 |
0 |
|a Podivuhodné pravdy a výmysly zo zeleného sveta
|
| 264 |
|
1 |
|a Bratislava
|b Artforum
|c 2018
|
| 300 |
|
|
|a 68 strán
|b ilustrácie (niektoré farebné)
|c 22 x 25 cm
|
| 336 |
|
|
|a text
|b txt
|2 rdacontent
|
| 337 |
|
|
|a bez média
|b n
|2 rdamedia
|
| 338 |
|
|
|a zväzok
|b nc
|2 rdacarrier
|
| 504 |
|
|
|a Obsahuje register
|
| 650 |
0 |
7 |
|a rastliny
|2 SNKPH
|9 690
|
| 650 |
0 |
7 |
|a všeobecnosti a zaujímavosti
|2 SNKPH
|9 4162
|
| 650 |
0 |
7 |
|a Plants
|2 SNKPHeng
|9 296405
|
| 650 |
0 |
7 |
|a General and attractions
|2 SNKPHeng
|9 267066
|
| 655 |
|
7 |
|a populárno-náučné publikácie
|2 SNKPH
|9 70460
|
| 655 |
|
7 |
|a publikácie pre deti
|2 SNKPH
|9 70148
|
| 655 |
|
7 |
|a Popular works
|2 SNKPHeng
|9 90287
|
| 655 |
|
7 |
|a Children's literature
|2 SNKPHeng
|9 276039
|
| 700 |
1 |
|
|a Skálová, Alžběta,
|d 1982-
|4 ill
|9 54437
|
| 700 |
1 |
|
|a Litvák, Ján,
|d 1965-
|4 trl
|9 100526
|
| 852 |
|
|
|a Podtatranská knižnica v Poprade
|
| 919 |
|
|
|a 978-80-8150-177-7
|
| 954 |
|
|
|a odborná, vedecká literatúra cudzojazyčná (svetová)
|2 lita
|
| 958 |
|
|
|a UP
|
| 968 |
|
|
|b ČES
|
| 999 |
|
|
|c 1026764
|d 1028694
|
| 952 |
|
|
|a SNK
|b SNK
|y PREZ
|7 0
|p 17A1515415
|o snkSC 199973
|i snk2022/17405
|8 3
|g 11.40
|0 0
|1 0
|4 0
|d 2022-11-22
|f 1
|l 0
|r 2025-10-22 00:00:00
|w 2026-02-24
|
| 952 |
|
|
|a SNK
|b SNK
|y VYP
|7 0
|p 17A1515414
|o snkSC 199973 D1
|i snk2022/17406
|8 3
|g 11.40
|0 0
|1 0
|4 0
|d 2022-11-22
|l 0
|r 2026-02-24 13:42:15
|w 2026-02-24
|